Ballon d'or féminin (et équivalent) - Statistiques

Statistiques générales
  • Ce quiz a été pris 64 fois
    11 depuis la dernière actualisation
  • Le résultat moyen est 5 sur 25
Statistiques - réponses
Année The Best % Correct
2025 Aitana Bonmati
90%
2024 Aitana Bonmati
90%
2023 Aitana Bonmati
90%
2019 Megan Rapinoe
70%
2022 Alexia Putellas
60%
2021 Alexia Putellas
60%
2002 Mia Hamm
10%
2001 Mia Hamm
10%
2012 Abby Wambach
0%
2005 Birgit Prinz
0%
2004 Birgit Prinz
0%
2003 Birgit Prinz
0%
2016 Carli Lloyd
0%
2015 Carli Lloyd
0%
2011 Homare Sawa
0%
2017 Lieke martens
0%
2020 Lucy Bronze
0%
2018 Marta
0%
2010 Marta
0%
2009 Marta
0%
2008 Marta
0%
2007 Marta
0%
2006 Marta
0%
2013 Nadine Angerer
0%
2014 Nadine Kessler
0%
Aucun quiz correspondant
Distribution des résultats
% des personnes avec chaque résultat
Percentile par nombre de réponses
Votre historique - résultats
Vous n’avez pas pris ce quiz depuis la dernière actualisation